000 00751nam a2200205 i 4500
001 25040
003 ES-MaACL
005 20251013063046.0
007 t|
008 021220s1920 sp ||||1| spa d
100 1 _aAra, Pedro,
_d1898-1973
_922140
245 1 0 _aAnomalías renales en relación con la cirugía
_b: arteria mesentérica superior /
_cpor el Dr. Ara Sarriá.
260 _a[S.l. :
_bs.n.,
_c1920]
300 _a9 p. :
_bil. ;
_c29 cm.
500 _aTrabajo publicado en el núm. 13 de Plus Ultra, Revista internacional de Ciencias Médicas.
594 _aPrecede al tít.: Departamento anatómico del doctor Peña.
650 4 _aRiñones-
_xFisiología.
_9144309
852 _aES-MaACL
_j1585-F-19
999 _c25040
_d25040